00329nam a2200121Ia 4500008004100000041000800041082001400049100001700063245004500080260004200125300003100167365000900198240624s9999 xx 000 0 und d aeng a338.2 ORW aORWEL GEORGE aBLACK GOLD THE NEW FRONTIER IN OIL FOR I c2006aNew JerseybJohn Wiley and Sons avii, : 216 : p. : cm. ; 23 cb30